| 000 | 005220000a22001690004500 | ||
|---|---|---|---|
| 003 | MACL | ||
| 005 | 20160221135713.0 | ||
| 008 | 160221b xxu||||| |||| 00| 0 eng d | ||
| 040 |
_aMACL _cMACL |
||
| 041 | _aHindi | ||
| 082 | _a351/SIN | ||
| 100 |
_aडॉ वी एस सिन्हा _939476 |
||
| 245 | _aकार्मिक प्रशासन | ||
| 260 |
_bआर बी एस ए पब्लिशर्स _aजयपुर _c1985 |
||
| 650 |
_aPublic Administration _939477 |
||
| 942 |
_cHIN _k350 _2ddc |
||
| 999 |
_c28412 _d28412 |
||